Central Library OPAC University of Rajshahi

দেবেশ রায়ের ছোট গল্প / (Record no. 48011)

MARC details
000 -LEADER
fixed length control field 00889nam a2200229 a 4500
001 - CONTROL NUMBER
control field 48011
003 - CONTROL NUMBER IDENTIFIER
rucl marc code BD-RjUL
005 - DATE AND TIME OF LATEST TRANSACTION
control field 20211209054436.0
008 - FIXED-LENGTH DATA ELEMENTS--GENERAL INFORMATION
fixed length control field 160811r19921988ii |||| ||| 000 0 ben d
020 ## - INTERNATIONAL STANDARD BOOK NUMBER
Terms of availability : TK. 20.00
035 ## - SYSTEM CONTROL NUMBER
System control number (BD-RjUL)48130
040 ## - CATALOGING SOURCE
Original cataloging agency BD-RjUL
Language of cataloging ben
Transcribing agency BD-RjUL
Modifying agency BD-RjUL
041 ## - LANGUAGE CODE
Language code of text/sound track or separate title ben
082 ## - DEWEY DECIMAL CLASSIFICATION NUMBER
Edition number 23
Classification number 891.443
Author mark and year ROD 1992
100 10 - MAIN ENTRY--PERSONAL NAME
Personal name রায়, দেবেশ
9 (RLIN) 126305
245 10 - TITLE STATEMENT
Title দেবেশ রায়ের ছোট গল্প /
Statement of responsibility, etc. দেবেশ রায়
260 ## - PUBLICATION, DISTRIBUTION, ETC. (IMPRINT)
Place of publication, distribution, etc. কলকাতা :
Name of publisher, distributor, etc. প্রতিক্ষণ পাবলিকেশন প্রাইভেট লিমিটেড,
Date of publication, distribution, etc. ১৯৮৮ [২য় মুদ্রণ ১৯৯২]
300 ## - PHYSICAL DESCRIPTION
Pagination ১৩১ পৃ. ;
Accompanying material ২১ সেমি.
650 ## - SUBJECT ADDED ENTRY--TOPICAL TERM
Topical term or geographic name as entry element বাংলা ছোটগল্প
9 (RLIN) 145612
Topical term or geographic name as entry element Bengali Short stories
9 (RLIN) 145613
942 ## - ADDED ENTRY ELEMENTS (KOHA)
Source of classification or shelving scheme Dewey Decimal Classification
Koha item type Books
Holdings
Lost status Source of classification or shelving scheme Damaged status Not for loan Collection code Permanent Location Current Location Shelving location Date acquired Source of acquisition Cost, normal purchase price Total Checkouts Full call number Date last seen Copy number Koha item type
  Dewey Decimal Classification     Fiction Central Library, University of Rajshahi Central Library, University of Rajshahi   23/12/1996 Ankur Prakashani 20.00   B 891.443 ROD 1992 11/08/2016 C-2 Books